| 000 | 00483nam a22001577a 4500 | ||
|---|---|---|---|
| 005 | 20251209120215.0 | ||
| 008 | 251209b |||||||| |||| 00| 0 eng d | ||
| 020 | _a978-93-5143-661-4 | ||
| 050 | _aKNC 571.C493 2016 | ||
| 100 | _aCHAKRABORTY ANIRBAN | ||
| 245 | _aLAW AND PRACTICE OF ALTERNATIVE DISPUTE RESOLUTION IN INDIA | ||
| 260 |
_aINDIA _bLEXIS AND NEVIS _c2016 |
||
| 300 | _aX,370 | ||
| 650 | _aArbitration and award-india Dispute resolution law-india | ||
| 942 |
_2lcc _cBK |
||
| 999 |
_c216344 _d216344 |
||